Catálogo

Innovation policies for inclusive growth. (Registro nro. 60546)

Detalles MARC
000 -LEADER
fixed length control field 01227nam a2200289 i 4500
001 - CONTROL NUMBER
control field 60546
005 - DATE AND TIME OF LATEST TRANSACTION
control field 20180714061835.0
008 - FIXED-LENGTH DATA ELEMENTS--GENERAL INFORMATION
fixed length control field 140415s2015 fr a r 000 0 eng d
020 ## - INTERNATIONAL STANDARD BOOK NUMBER
International Standard Book Number 9789264229419
040 ## - CATALOGING SOURCE
Original cataloging agency MX-PuUPA
Language of cataloging spa
Description conventions rda
Transcribing agency Mx-PuUPA
Modifying agency Mx-PuUPA
041 0# - LANGUAGE CODE
Language code of text/sound track or separate title eng
082 0# - DEWEY DECIMAL CLASSIFICATION NUMBER
Classification number 338.2003984754
Item number ORG
110 2# - MAIN ENTRY--CORPORATE NAME
Corporate name or jurisdiction name as entry element Organisation for Economic Co-operation and Development.
Subordinate unit Development Department,
Relator term autor
245 13 - TITLE STATEMENT
Title Innovation policies for inclusive growth.
264 #1 - PRODUCTION, PUBLICATION, DISTRIBUTION, MANUFACTURE, AND COPYRIGHT NOTICE
Place of production, publication, distribution, manufacture Paris :
Name of producer, publisher, distributor, manufacturer OECD Publishing,
Date of production, publication, distribution, manufacture, or copyright notice 2015
300 ## - PHYSICAL DESCRIPTION
Extent 98 páginas :
Other physical details ilustraciones (en blanco y negro) ;
Dimensions 28 cm.
336 ## - CONTENT TYPE
Content type term texto
Source rdacontent
337 ## - MEDIA TYPE
Media type term sin mediación
Source rdamedia
337 ## - MEDIA TYPE
Media type term informático
Source rdamedia
338 ## - CARRIER TYPE
Carrier type term volumen
Source rdacarrier
338 ## - CARRIER TYPE
Carrier type term remoto
Source rdacarrier
650 #4 - SUBJECT ADDED ENTRY--TOPICAL TERM
Topical term or geographic name entry element Historia económica
650 #4 - SUBJECT ADDED ENTRY--TOPICAL TERM
Topical term or geographic name entry element Política económica
650 #4 - SUBJECT ADDED ENTRY--TOPICAL TERM
Topical term or geographic name entry element Desarrollo sostenible
776 18 - ADDITIONAL PHYSICAL FORM ENTRY
Relationship information Reproducción digital (manifestación):
Main entry heading Organisation for Economic Co-operation and Development.rganisatioan for
Title Innovation policies for inclusive growth.
International Standard Book Number 9789264229488
856 40 - ELECTRONIC LOCATION AND ACCESS
Host name oecd-ilibrary.org
Uniform Resource Identifier <a href="http://dx.doi.org/10.1787/9789264229488-en">http://dx.doi.org/10.1787/9789264229488-en</a>
Link text Texto completo
Public note Versión digital, incluye tabla de contenido
Existencias
Withdrawn status Lost status Source of classification or shelving scheme Damaged status Not for loan Collection code Home library Current library Shelving location Date acquired Source of acquisition Inventory number Total Checkouts Full call number Barcode Date last seen Price effective from Koha item type
    Dewey Decimal Classification     General Biblioteca Karol Wojtyla Biblioteca Karol Wojtyla Sala general 28/11/2017 Compra 151000000000000000051914   338.2003984754 ORG 2015 94810 05/01/2026 28/11/2017 Libro